Faire...et comprendre : livre de calcul

Αποθηκεύτηκε σε:
Λεπτομέρειες βιβλιογραφικής εγγραφής
Κύριος συγγραφέας: Schneider, Willy
Άλλοι συγγραφείς: Alleman, Lea (Μεταφραστής), Hagendoren, Elsa van (Εικονογράφος)
Μορφή: Βιβλίο
Γλώσσα:French
Δημοσίευση: Anvers : De Sikkel, 1954
Έκδοση:10e ed.
Θέματα:
Ετικέτες: Προσθήκη ετικέτας
Δεν υπάρχουν, Καταχωρήστε ετικέτα πρώτοι!

MARC

LEADER 00000cam a2200000 i 4500
001 1/89403
008 080623s1954 fre d
035 |l 10098361 
040 |a GR-MY-UA  |b gre  |e aacr 
041 0 |a fre 
082 0 |a 372.72  |2 (22) 
100 1 |a Schneider, Willy. 
245 1 0 |a Faire...et comprendre :  |b livre de calcul /  |c Willy Schneider ; traduit par L. Alleman ; illustrations Elsa van Hagendoren 
250 |a 10e ed. 
260 |a Anvers :   |b De Sikkel,   |c 1954 
300 |a 2 τ.;  |c 18 εκ. 
505 0 |a Τ.1. Premier semestreτ.2. Deuxieme semestre 
650 0 0 |a Mathematics  |x Study and teaching  |z France. 
650 0 0 |a Arithmetic  |x Study and teaching (Elementary) 
650 0 0 |a Numeracy  |x Study and teaching (Elementary) 
700 1 |a Alleman, Lea.  |4 trl 
700 1 |a Hagendoren, Elsa van.  |4 ill 
852 |a INST  |b RHODES  |c AKA  |e 20080623  |h  372.72 SCH  |p 005400027980  |q 005400027980  |t BK  |v τ.1:  |y 0  |z τ.1 
852 |a INST  |b RHODES  |c AKA  |e 20080623  |h  372.72 SCH  |p 005400027981  |q 005400027981  |t BK  |v τ.2:  |y 0  |z τ.2 
853 |a INST  |b RHODES  |c AKA  |h  372.72 SCH 
901 |a BIBL4-2008-2 
909 |a Ρ  |b 150630 
909 |a Ρ  |b 150631 
970 |a ΚΟΖΑ  |b ΜΑΡΙΑ  |z 2008/06/23